| 000 | 00798cas a2200229 4500 | ||
|---|---|---|---|
| 001 | L158351 | ||
| 008 | 150113n2011 eng u | ||
| 035 | _a(Sirsi) u158351 | ||
| 041 | 0 | _aeng | |
| 110 | 2 |
_aKnight Frank _91530 |
|
| 245 | 0 | 0 |
_aKnight Frank/Markit's House Price Sentiment Index _h[electronic resource] |
| 260 | _c2011 | ||
| 490 | 0 | _aKnight Frank/Markit House Price Sentiment Index | |
| 520 | _aGauges the sentiment of households across the country, and is a lead indicator of future house price movement. | ||
| 554 | _aMonthly | ||
| 650 | 2 | 4 | _aHOUSE PRICES |
| 650 | 2 | 4 | _aSENTIMENT |
| 651 | 4 |
_aUnited Kingdom _y |
|
| 690 |
_aResidential property _96266 |
||
| 856 | 4 | 8 |
_uhttps://www.knightfrank.com/research/ _zView the item free of charge at www.knightfrank.com |
| 942 | _n0 | ||
| 999 |
_c119404 _d119404 |
||